000
00218 a2200097 4500
001
6023
100
_a
Mee, R A
245
_a
Textbook of electrical installation work.
260
_a
_b
Macdonald
_c
090
_c
4926
_d
4926
942
_a
NUST-CAE
_c
M
_c
31296
999
_c
241096
_d
241096